|
|
|
|
| LEADER |
00000nam0a2200000 4500 |
| 001 |
253015 |
| 005 |
20231101232813.0 |
| 020 |
|
|
|a RU
|b 89-34147
|
| 035 |
|
|
|a (RuTPU)RU\TPU\book\275395
|
| 090 |
|
|
|a 253015
|
| 100 |
|
|
|a 20140311d1989 k y0rusy5003 ca
|
| 101 |
0 |
|
|a rus
|
| 102 |
|
|
|a LV
|
| 105 |
|
|
|a a z 101zy
|
| 200 |
1 |
|
|a IX Советско-индийский симпозиум по химии природных соединений
|e тезисы докладов, Рига, 15-18 мая 1989 г.
|f Академия наук СССР (АН СССР), Институт биоорганической химии им. М. М. Шемякина ; Академия наук Латвийской ССР (АН ЛатССР), Институт органического синтеза (ИОС) ; отв. ред. Г. Я. Дубур
|
| 210 |
|
|
|a Рига
|c Изд-во ИОС АН ЛатССР
|d 1989
|
| 215 |
|
|
|a 128 с.
|c il.
|
| 320 |
|
|
|a Авторский указатель: с. 123-127.
|
| 606 |
1 |
|
|a Природные соединения
|x Химия
|2 stltpush
|3 (RuTPU)RU\TPU\subj\51710
|9 70276
|
| 610 |
1 |
|
|a синтез
|
| 610 |
1 |
|
|a пептиды
|
| 610 |
1 |
|
|a гликозиды
|
| 610 |
1 |
|
|a алкалоиды
|
| 610 |
1 |
|
|a биологическая активность
|
| 610 |
1 |
|
|a эфиры
|
| 610 |
1 |
|
|a симпозиумы
|
| 675 |
|
|
|a 547.9(063)
|v 3
|z rus
|
| 702 |
|
1 |
|a Дубур
|b Г. Я.
|4 340
|
| 712 |
0 |
2 |
|a Академия наук СССР (АН СССР)
|b Институт биоорганической химии им. М. М. Шемякина
|2 stltpush
|3 (RuTPU)RU\TPU\col\19621
|
| 712 |
0 |
2 |
|a Академия наук Латвийской ССР (АН ЛатССР)
|b Институт органического синтеза (ИОС)
|2 stltpush
|3 (RuTPU)RU\TPU\col\12433
|
| 712 |
1 |
2 |
|a Советско-индийский симпозиум по химии природных соединений
|d 9
|e Рига
|f 1989
|
| 801 |
|
0 |
|a RU
|b RuMRKP
|c 19950417
|g psbo
|
| 801 |
|
1 |
|a RU
|b 63413507
|c 20140311
|
| 801 |
|
2 |
|a RU
|b 63413507
|c 20140421
|g RCR
|
| 942 |
|
|
|c BK
|